MSV Duisburg 2010's Starting XI - Statistiken

Allgemein
  • Dieses Quiz wurde 40 mal gespielt
  • Das Durchschnittsergebnis liegt bei 43 aus 110
Antwortstatistiken
% Korrekt
GK 🇳🇱 Mark Flekken
100%
FW 🇳🇬 Kingsley Onuegbu
84%
DF 🇧🇦 Branimir Bajic
74%
DF 🇩🇪 Kevin Wolze
68%
MF 🇩🇪 Moritz Stoppelkamp
63%
DF 🇻🇪 Rolf Feltscher
63%
FW 🇦🇹 Stefan Maierhofer
58%
DF 🇩🇪 Dustin Bomheuer
53%
GK 🇩🇪 Felix Wiedwald
53%
DF 🇩🇪 Gerrit Nauber
53%
MF 🇹🇷 Ahmet Engin
47%
MF 🇧🇷 Cauly Oliveira Souza
47%
GK 🇺🇸 David Yelldell
47%
MF 🇩🇪 Fabian Schnellhardt
47%
DF 🇩🇪 Julian Koch
47%
MF 🇩🇪 Tim Albutat
47%
MF 🇬🇪 Giorgi Chanturia
42%
MF 🇸🇮 Goran Sukalo
42%
MF 🇩🇪 Lukas Fröde
42%
GK 🇩🇪 Tom Starke
42%
DF 🇹🇳 Enis Hajri
37%
MF 🇧🇦 Ivica Grlic
37%
MF 🇹🇷 Olcay Sahan
37%
MF 🇹🇷 Sefa Yilmaz
37%
FW 🇷🇺 Stanislav Iljutcenko
37%
GK 🇩🇪 Michael Ratajczak
32%
DF 🇫🇷 Olivier Veigneau
32%
FW 🇧🇦 Zlatko Janjic
32%
DF 🇧🇷 Bruno Soares
26%
FW 🇷🇴 Emil Jula
26%
FW 🇷🇸 Srdjan Baljak
26%
MF 🇩🇪 Andre Hoffmann
21%
MF 🇩🇪 Benjamin Kern
21%
FW 🇺🇦 Boris Tashchy
21%
DF 🇧🇦 Dzemal Berberovic
21%
MF 🇦🇺 James Holland
21%
FW 🇷🇸 Ranisav Jovanovic
21%
MF 🇦🇿 Tugrul Erat
21%
DF 🇩🇪 | MF 🇩🇪 Andreas Wiegel
16%
DF 🇩🇪 Björn Schlicke
16%
MF 🇦🇱 Jürgen Gjasula
16%
FW 🇩🇪 Maurice Exslager
16%
MF 🇩🇪 Michael Gardawski
16%
DF 🇩🇪 | FW 🇩🇪 Nico Klotz
16%
DF 🇩🇪 Steffen Bohl
16%
DF 🇩🇪 Thomas Meißner
16%
MF 🇬🇷 Vasileios Pliatsikas
16%
MF 🇩🇪 Adam Bodzek
11%
DF 🇩🇪 Frank Fahrenhorst
11%
DF 🇬🇭 Phil Ofosu-Ayeh
11%
MF 🇩🇪 Sascha Dum
11%
DF 🇧🇷 Tiago Calvano
11%
FW 🇧🇷 Caiuby
5%
MF 🇩🇪 Christian Tiffert
5%
DF 🇩🇪 | MF 🇩🇪 Daniel Brosinski
5%
MF 🇩🇪 Dennis Grote
5%
DF 🇩🇪 Markus Bollmann
5%
MF 🇩🇪 Pierre de Wit
5%
MF 🇩🇪 Sören Brandy
5%
MF 🇹🇷 Tanju Öztürk
5%
MF 🇩🇪 Thomas Bröker
5%
DF 🇩🇪 Timo Perthel
5%
DF 🇩🇪 Matthias Kühne
0%
Keine übereinstimmenden Quizze gefunden
Verteilung der Resultate
Anzahl Personen mit jedem Resultat
Perzentil nach korrekt beantworteten Fragen
Ihre Resultats-Entwicklung
Sie haben dieses Quiz noch nicht gespielt